Normal view
MARC view
- Jungle animals
Entry Topical Term
001 - CONTROL NUMBER
- control field: 86677
003 - CONTROL NUMBER IDENTIFIER
- control field: OSt
005 - DATE AND TIME OF LATEST TRANSACTION
- control field: 20250910101408.0
008 - FIXED-LENGTH DATA ELEMENTS
- fixed length control field: 250910|| aca||aabn | a|a d
040 ## - CATALOGING SOURCE
- Original cataloging agency: OSt
- Transcribing agency: OSt
150 ## - HEADING--TOPICAL TERM
- Topical term or geographic name as entry element: Jungle animals
- Geographic subdivision: India
- Form subdivision: Juvenile fiction
670 ## - SOURCE DATA FOUND
- Source citation: Work cat.: (OSt)49544: Parragon, publisher, 86226, The jungle book /, 2010.